LEADER 00833cam0 22002653 450 001 SON0006176 005 20200918093131.0 100 $a20010315d1959 |||||ita|0103 ba 101 $aspa 102 $aSP 200 1 $aBernardo Martorell$fPor Jose Gudiol Ricart 210 $aMadrid$cs.e.$d1959 215 $a40 p.$cill.$d22 cm 225 2 $aArtes y artistas 410 1$1001LAEC00017753$12001 $a*Artes y artistas 700 1$aGudiol[$f [Ricart$b, Jose$3AF00010793$4070$037941 801 0$aIT$bUNISOB$c20200918$gRICA 850 $aUNISOB 852 $aUNISOB$j700$m84697 912 $aSON0006176 940 $aM 102 Monografia moderna SBN 941 $aM 957 $a700$b001931$gSI$d84697$rACQUISTO$1Spinosa$2UNISOB$3UNISOB$420191002134027.0$520191002134039.0$6Spinosa 996 $aBernardo Martorell$91674947 997 $aUNISOB LEADER 01029nam a2200301 i 4500 001 991000728369707536 005 20020507172828.0 008 980313s1926 fr ||| | fre 035 $ab1074910x-39ule_inst 035 $aLE01301384$9ExL 040 $aDip.to Matematica$beng 082 0 $a516.3602 084 $aAMS 01A65 084 $aAMS 53A45 100 1 $aLagrange, M. R.$0534814 245 10$aCalcul différentiel absolu /$cpar M. R. Lagrange 260 $aParis :$bGauthier-Villars,$c1926 300 $a37 p. ;$c25 cm. 490 0 $aMémorial des sciences mathématiques ;$v19 500 $aIncludes bibliographical references 650 0$aTensor analysis 650 0$aVector analysis 907 $a.b1074910x$b23-02-17$c28-06-02 912 $a991000728369707536 945 $aLE013 53A LAG11 (1926)$g1$i2013000097053$lle013$o-$pE0.00$q-$rl$s- $t0$u1$v0$w1$x0$y.i10841842$z28-06-02 996 $aCalcul différentiel absolu$9911551 997 $aUNISALENTO 998 $ale013$b01-01-98$cm$da $e-$ffre$gfr $h0$i1